• 首页
  • 本馆介绍
  • 公告通知
  • 最新文献
  • 馆藏检索
  • 电子资源
  • 读者荐购
  • 参考咨询
  • CALIS
  • 我的图书馆
  • 登录
  • 详细信息显示
  • 放入我的书架
  • 预约/预借图书
  • 作者相关作品
  • 分类相关作品
  • 丛书相关作品
  • 出版社相关作品

书目信息

  • 表格格式
  • 工作单格式
  • 卡片格式
题名:
大学体育理论与方法教程
    
 
作者: 唐健 , 刘强辉 主编
分册:  
出版信息: 南京   东南大学出版社  2008.09
页数: 467页
开本: 24cm
丛书名:
单 册:
中图分类: G807.4
科图分类:
主题词: 体育--ti yu--高等学校--教材
电子资源:
ISBN: 978-7-5641-1393-3
 
 
 
 
 
000 00878nam0 2200241 450
001 012009766546
005 20091026142551.46
010    @a978-7-5641-1393-3@dCNY49.00
100    @a20091026d2008 em y0chiy0120 ea
101 0  @achi
102    @aCN@b320000
105    @ay z 000yy
106    @ar
200 1  @a大学体育理论与方法教程@Ada xue ti yu li lun yu fang fa jiao cheng@f唐健, 刘强辉主编@Ftang jian,liu qiang hui zhu bian
210    @a南京@c东南大学出版社@d2008.09
215    @a467页@d24cm
330    @a本书共分六篇,介绍了体育基础知识、体育锻炼与科学健身方法、大学生身体发展与评价、大学生健康生活方式、运动保健与康复方法、大学体育竞赛组织和管理与欣赏。
606 0  @a体育@Ati yu@x高等学校@j教材
690    @aG807.4@v4
701  0 @a唐健@Atang jian@4主编
701  0 @a刘强辉@Aliu qiang hui@4主编
801  0 @aCN@bQSSK@c20091026
905    @b764452-54@dG807.4@eT245@f3
    
    大学体育理论与方法教程/唐健, 刘强辉主编.-南京:东南大学出版社,2008.09
    467页;24cm
    
    
    ISBN 978-7-5641-1393-3:CNY49.00
    本书共分六篇,介绍了体育基础知识、体育锻炼与科学健身方法、大学生身体发展与评价、大学生健康生活方式、运动保健与康复方法、大学体育竞赛组织和管理与欣赏。
●
相关链接 在E读中查询图书 在当当中查询图书 在豆瓣中查询图书


正题名:大学体育理论与方法教程     索取号:G807.4/T245         预约/预借

序号 登录号 条形码 馆藏地/架位号 状态 备注
1 764452   207644520   社科库409/409社科库 20排2列5层/ [索取号:G807.4/T245] 在馆    
2 764453   207644539   社科库409/409社科库 20排2列5层/ [索取号:G807.4/T245] 在馆    
3 764454   207644548   社科库409/409社科库 20排2列5层/ [索取号:G807.4/T245] 在馆    
河南城建学院图书馆 欢迎您!
大连网信软件有限公司© 版权所有